00447nam a2200157 a 4500008004100000020001500041050001700056100001900073245007100092260002800163300002200191350000900213650003200222650001500254700002000269120416s1994 ||||||||||||||||| || u a0435825844 aHD 30.28 Fie aMidgley, James14aThe fields and methods of social planningcedited by James Midgley aLondonbHeinemannc1994 avii, 215p. : ill. a0.00 aSOCIAL PLANNING--MANAGEMENT 0aMANAGEMENT aPiachaud, David